[Event "Solingen-ch 2021"]
[Site "Solingen"]
[Date "2021.12.17"]
[Round "3.4"]
[White "Boos, Markus"]
[Black "Bauer, Matthias"]
[Result "1-0"]
[WhiteElo "2169"]
[BlackElo "1620"]
[PlyCount "141"]
[EventDate "2021.??.??"]
[WhiteTeam "Elberfelder SG"]
[BlackTeam "SV Guennigfeld"]

1. Nf3 d5 2. g3 c6 3. Bg2 f5 4. O-O e6 5. d3 Nf6 6. b3 Bd6 7. c4 Nbd7 8. Nc3
O-O 9. cxd5 exd5 10. Bb2 Re8 11. Re1 Ne5 12. a3 f4 13. Qd2 Nxf3+ 14. exf3 fxg3
15. Rxe8+ Nxe8 16. hxg3 Bf5 17. Ne2 Be7 18. Nd4 Bd7 19. Re1 Bf6 20. Ne6 Bxe6
21. Rxe6 Bxb2 22. Qxb2 Nc7 23. Re5 Qd7 24. Qd4 b6 25. Qh4 Re8 26. Bh3 Qd8 27.
Qxd8 Rxd8 28. Re7 Nb5 29. Be6+ Kh8 30. Kg2 Nd4 31. b4 g6 32. f4 c5 33. bxc5
Nxe6 34. Rxe6 bxc5 {(=)} 35. Rc6 Rb8 36. Rxc5 Rb3 37. Ra5 Rxd3 38. Rxa7 Rc3 39.
g4 d4 40. a4 d3 41. Rd7 Ra3 42. a5 Rxa5 43. Rxd3 Ra7 44. Rd5 Rf7 45. Kf3 Kg7
46. Ke4 Re7+ 47. Re5 Ra7 48. f3 Ra4+ 49. Ke3 Ra3+ 50. Kf2 Kf6 51. Rb5 Ra7 52.
Kg3 Rd7 53. Ra5 Ke6 54. f5+ gxf5 55. Rxf5 Rg7 56. Ra5 Rb7 57. Rf5 Ra7 58. Kh4
Rg7 59. Kh5 Ra7 60. Kh6 Rb7 61. f4 Ra7 62. Re5+ Kd6 63. Rg5 Rf7 64. f5 Ke5 65.
Rg7 Rf6+ 66. Kxh7 Kf4 67. Rg6 Rf7+ 68. Kg8 Rb7 69. f6 Rb8+ 70. Kg7 Rb7+ 71. f7
1-0

[Event "Solingen-ch 2021"]
[Site "Solingen"]
[Date "2021.12.17"]
[Round "3.5"]
[White "Borchert, Stephan"]
[Black "Goerke, Joachim"]
[Result "1-0"]
[WhiteElo "2074"]
[BlackElo "2128"]
[PlyCount "99"]
[EventDate "2021.??.??"]
[WhiteTeam "SG Solingen"]
[BlackTeam "SG Solingen"]

1. e4 c5 2. Nf3 Nc6 3. Bb5 g6 4. Bxc6 dxc6 5. O-O Bg7 6. a4 Nf6 7. Re1 Qc7 8.
d3 O-O 9. Nbd2 h6 10. a5 Be6 11. Qe2 b6 12. h3 Kh7 13. Qe3 Rad8 14. Nf1 Bc8 15.
Bd2 e5 16. g4 Ng8 17. Ng3 Be6 18. Ra3 c4 19. dxc4 Bxc4 20. axb6 axb6 21. Rea1
Rb8 22. Bc3 Rb7 23. b3 Be6 24. Ra6 Rd8 25. Qc1 f6 26. Qe3 Ne7 27. Bb4 Ng8 28.
Ne1 Bf7 29. c4 c5 30. Bd2 Qd7 31. R1a2 h5 32. Qe2 hxg4 33. hxg4 b5 34. Be3 Qd1
35. Ra7 Qxe2 36. Nxe2 Rdd7 37. Rxb7 Rxb7 38. Bxc5 bxc4 39. b4 Be6 40. f3 f5 41.
Ra6 Bd7 42. gxf5 gxf5 43. Nc3 Nf6 44. Nc2 fxe4 45. fxe4 Bg4 46. Ne3 Bf3 47.
Nxc4 Nxe4 48. Nxe4 Bxe4 49. Nd6 Bd3 50. Ra3 1-0

[Event "Solingen-ch 2021"]
[Site "Solingen"]
[Date "2021.12.17"]
[Round "3.6"]
[White "Becker, Carsten"]
[Black "Boschek, Dr. Hajo"]
[Result "0-1"]
[WhiteElo "1879"]
[BlackElo "1910"]
[PlyCount "54"]
[EventDate "2021.??.??"]
[WhiteTeam "SF Vonkeln"]
[BlackTeam "SG Solingen"]

1. d4 Nf6 2. Nc3 d5 3. Bf4 c6 4. e3 Bf5 5. f3 h6 6. g4 Bh7 7. Bd3 e6 8. h4 Bd6
9. Nge2 Qe7 10. g5 Nh5 11. Bxd6 Qxd6 12. Kf2 Nd7 13. Bxh7 Rxh7 14. f4 g6 15.
Qd3 O-O-O 16. a4 Rdh8 17. gxh6 Rxh6 18. Ng1 Ng7 19. Nf3 Nf5 20. Ng5 Qe7 21. b4
Rxh4 22. Rxh4 Rxh4 23. Ne2 Nf6 24. Rg1 Ng4+ 25. Kf3 Ngxe3 26. Ng3 f6 27. Nxf5
Nxf5 0-1

[Event "Solingen-ch 2021"]
[Site "Solingen"]
[Date "2021.12.17"]
[Round "3.8"]
[White "Werbeck, Torsten"]
[Black "Skiber, Friedel"]
[Result "1-0"]
[WhiteElo "2018"]
[BlackElo "1699"]
[PlyCount "47"]
[EventDate "2021.??.??"]
[WhiteTeam "Elberfelder SG"]
[BlackTeam "SG Solingen"]

1. d4 c6 2. c4 d6 3. Nc3 g6 4. e4 Bg7 5. Be2 Nf6 6. Nf3 O-O 7. O-O a6 8. Qb3
Nbd7 9. Rd1 e5 10. dxe5 Nc5 11. Qc2 Ng4 12. exd6 f5 13. e5 Nxf2 14. Kxf2 Ne4+
15. Nxe4 fxe4 16. Qxe4 Bf5 17. Qd4 Be6 18. Kg1 Qd7 19. Bg5 h6 20. Be7 Rf7 21.
Qe3 Kh7 22. Nd4 Bf8 23. Bxf8 Raxf8 24. Rf1 1-0

[Event "Solingen-ch 2021"]
[Site "Solingen"]
[Date "2021.12.17"]
[Round "3.9"]
[White "Steinbach, Wolfgang"]
[Black "Steinbach, Ulf"]
[Result "1/2-1/2"]
[WhiteElo "1948"]
[BlackElo "1654"]
[PlyCount "73"]
[EventDate "2021.??.??"]
[WhiteTeam "SG Solingen"]
[BlackTeam "vereinslos"]

1. Nf3 d5 2. g3 Nf6 3. Bg2 b6 4. c4 Bb7 5. O-O d4 6. b4 e6 7. Qb3 Be7 8. d3 O-O
9. Na3 c5 10. bxc5 Bxc5 11. Nc2 Nc6 12. Bd2 Rb8 13. a4 Re8 14. Qb2 e5 15. Ng5
Ne7 16. Bxb7 Rxb7 17. a5 h6 18. Nf3 Nc6 19. a6 Rbe7 20. Qb5 Qc8 21. Nb4 Re6 22.
Nd5 Rd6 23. Nb4 Rde6 24. Nxc6 Rxc6 25. Kg2 Qa8 26. Kg1 Qc8 27. Kg2 Qa8 28. h3
Rce6 29. Kh2 e4 30. Ng1 Qb8 31. Bf4 Bd6 32. Bxd6 Qxd6 33. dxe4 Nxe4 34. Qf5 Rf6
35. Qd5 Nd2 36. Qxd6 Rxd6 37. Rfd1 1/2-1/2

[Event "Solingen-ch 2021"]
[Site "Solingen"]
[Date "2021.12.17"]
[Round "3.10"]
[White "Erkay, Ali-Necip"]
[Black "Falk, Thomas"]
[Result "1-0"]
[WhiteElo "1945"]
[BlackElo "1578"]
[PlyCount "59"]
[EventDate "2021.??.??"]
[WhiteTeam "SG Solingen"]
[BlackTeam "Elberfelder SG"]

1. d4 e6 2. c4 d5 3. Nf3 f5 4. g3 Nf6 5. Bg2 c6 6. Qc2 Bd6 7. O-O O-O 8. Nbd2
Nbd7 9. b3 Ne4 10. Bb2 b6 11. cxd5 Nxd2 12. Nxd2 cxd5 13. Qc6 Qc7 14. Qxc7 Bxc7
15. Ba3 Re8 16. Rfc1 Bd8 17. Nc4 Be7 18. Bxe7 Rxe7 19. Nd6 Ba6 20. Nxf5 Rf7 21.
Nd6 Rff8 22. e4 Nf6 23. e5 Ne8 24. Bh3 Nxd6 25. exd6 Bc8 26. Rc7 Rf7 27. Rac1
Rxc7 28. Rxc7 Kf8 29. d7 Ba6 30. Bxe6 1-0

[Event "Solingen-ch 2021"]
[Site "Solingen"]
[Date "2021.12.17"]
[Round "3.12"]
[White "Vaghef, Mohammad Reza"]
[Black "Vranidis, Athanassios"]
[Result "1/2-1/2"]
[WhiteElo "1528"]
[BlackElo "1928"]
[PlyCount "85"]
[EventDate "2021.??.??"]
[WhiteTeam "SG Porz"]
[BlackTeam "SG Solingen"]

1. c4 Nf6 2. Nc3 e6 3. e4 d5 4. e5 d4 5. exf6 dxc3 6. fxg7 cxd2+ 7. Bxd2 Bxg7
8. Qc2 Qf6 9. Bc3 Qg6 10. O-O-O Qxc2+ 11. Kxc2 Bxc3 12. Kxc3 Nc6 13. Nf3 b6 14.
Nd4 {(=)} Bb7 15. f3 Rd8 16. Be2 Nxd4 17. Rxd4 Rxd4 18. Kxd4 Ke7 19. Rd1 Rd8+
20. Ke3 Rxd1 21. Bxd1 Kd6 22. b4 c5 23. a3 cxb4 24. axb4 a5 25. c5+ bxc5 26.
bxa5 Ba6 27. Bc2 h6 28. Kf4 f6 29. Kg4 Bf1 30. g3 Be2 31. Kh5 Bxf3+ 32. Kxh6 f5
33. h4 Be4 34. Bd1 c4 35. h5 c3 36. Kg5 Ke7 37. g4 fxg4 38. Kxg4 c2 39. Bxc2
Bxc2 40. a6 Be4 41. Kf4 Bd5 42. Ke5 Kf7 43. a7 1/2-1/2

[Event "Solingen-ch 2021"]
[Site "Solingen"]
[Date "2021.12.17"]
[Round "3.13"]
[White "Guelcan, Batuhan Ege"]
[Black "Atar, Efecan"]
[Result "0-1"]
[WhiteElo "1521"]
[BlackElo "1453"]
[PlyCount "86"]
[EventDate "2021.??.??"]
[WhiteTeam "SG Solingen"]
[BlackTeam "SK Kerpen"]

1. e4 c5 2. c3 e6 3. d4 Nf6 4. Bd3 Nc6 5. Be3 Qb6 6. Qb3 cxd4 7. cxd4 Bb4+ 8.
Nc3 d5 9. a3 Bxc3+ 10. Qxc3 dxe4 11. d5 Qa5 12. b4 Qxd5 13. Bc4 Qe5 14. Qxe5
Nxe5 15. Be2 Bd7 16. Bd4 Nd3+ 17. Bxd3 exd3 18. Bxf6 gxf6 19. Nf3 Bc6 20. Rd1
Bxf3 21. gxf3 Rd8 22. Rg1 Kf8 23. Rg3 Rg8 24. Kd2 Rxg3 25. fxg3 Ke7 26. Ke3 Rc8
27. Rxd3 Rc2 28. Rd2 Rxd2 29. Kxd2 Kd6 30. Kd3 Kd5 31. a4 f5 32. g4 fxg4 33.
fxg4 f6 34. h4 h6 35. b5 e5 36. Ke3 e4 37. Kf4 Kd4 38. Kf5 e3 39. Kxf6 e2 40.
g5 hxg5 41. hxg5 e1=Q 42. g6 Qe8 43. g7 Kc4 0-1

[Event "Solingen-ch 2021"]
[Site "Solingen"]
[Date "2022.01.07"]
[Round "4.1"]
[White "Volkov, Mykyta"]
[Black "Tuerkkan, Nuh"]
[Result "1/2-1/2"]
[WhiteElo "2215"]
[BlackElo "1787"]
[PlyCount "42"]
[EventDate "2022.??.??"]
[WhiteTeam "Elberfelder SG"]
[BlackTeam "Bergische SF"]

1. d4 Nf6 2. c4 e6 3. Nc3 Bb4 4. Qc2 d5 5. a3 Bxc3+ 6. Qxc3 Ne4 7. Qc2 c5 8.
cxd5 exd5 9. dxc5 Nc6 10. Nf3 Bf5 11. b4 d4 12. Qd1 Qf6 13. Bb2 Rd8 14. Rc1 Nc3
15. Bxc3 dxc3 16. Qb3 c2 17. e3 Rd1+ 18. Rxd1 cxd1=Q+ 19. Qxd1 Qc3+ 20. Nd2 O-O
21. Bb5 Rd8 1/2-1/2

[Event "Solingen-ch 2021"]
[Site "Solingen"]
[Date "2022.01.07"]
[Round "4.4"]
[White "Boos, Markus"]
[Black "Werbeck, Torsten"]
[Result "1/2-1/2"]
[WhiteElo "2169"]
[BlackElo "2018"]
[PlyCount "46"]
[EventDate "2022.??.??"]
[WhiteTeam "Elberfelder SG"]
[BlackTeam "Elberfelder SG"]

1. d4 Nf6 2. c4 c5 3. d5 b5 4. cxb5 a6 5. bxa6 Bxa6 6. Nc3 d6 7. Nf3 g6 8. e4
Bxf1 9. Kxf1 Bg7 10. g3 Nbd7 11. Kg2 O-O 12. a4 Qa5 13. Bd2 Qb6 14. a5 Qc7 15.
Qe2 Rfb8 16. Na4 Ne8 17. Rab1 Rb3 18. h4 Qb7 19. Rhc1 Nc7 20. Rd1 Qb5 21. Nc3
Qb7 22. Na4 Qb5 23. Nc3 Qb7 1/2-1/2

[Event "Solingen-ch 2021"]
[Site "Solingen"]
[Date "2022.01.07"]
[Round "4.5"]
[White "Erkay, Ali-Necip"]
[Black "Helfer, Bernd"]
[Result "1/2-1/2"]
[WhiteElo "1945"]
[BlackElo "1854"]
[PlyCount "29"]
[EventDate "2022.??.??"]
[WhiteTeam "SG Solingen"]
[BlackTeam "SC Erkrath"]

1. d4 Nf6 2. c4 e6 3. g3 Bb4+ 4. Bd2 Be7 5. Bg2 O-O 6. Nf3 c6 7. O-O b6 8. Ne5
d5 9. Nc3 Bb7 10. Bg5 Nbd7 11. Nxd7 Qxd7 12. cxd5 cxd5 13. Rc1 Rfc8 14. Qd2 Ne8
15. Bxe7 1/2-1/2

[Event "Solingen-ch 2021"]
[Site "Solingen"]
[Date "2022.01.07"]
[Round "4.6"]
[White "Ipekyilmaz, Tayfun"]
[Black "Hamburger, Raul"]
[Result "0-1"]
[WhiteElo "1757"]
[BlackElo "1899"]
[PlyCount "139"]
[EventDate "2022.??.??"]
[WhiteTeam "Langenfelder SF"]
[BlackTeam "SV Hilden"]

1. e4 c5 2. Nf3 d6 3. d4 cxd4 4. Nxd4 g6 5. Bb5+ Bd7 6. Bxd7+ Nxd7 7. O-O Bg7
8. c3 Ngf6 9. f3 O-O 10. Bg5 d5 11. Bxf6 Nxf6 12. e5 Nd7 13. f4 Qb6 14. Qb3 Nc5
15. Qxb6 axb6 16. Na3 Nd3 17. Rab1 e6 18. Rf3 Nxb2 19. Rxb2 Rxa3 20. Rxb6 Rb8
21. Rb2 Bf8 22. Nb5 Bc5+ 23. Kf1 Ra5 24. Nd4 Ra4 25. Nc6 Rc8 26. Nb4 Rca8 27.
Nd3 b6 28. Nxc5 bxc5 29. Rff2 Ra3 30. Rfc2 R8a4 31. g3 g5 32. fxg5 Re4 33. Rb7
Rxe5 34. Rf2 Rf5 35. Rxf5 exf5 36. Rd7 Rxc3 37. Rxd5 c4 38. Rc5 Rc1+ 39. Ke2
Rc2+ 40. Kd1 Rxa2 41. Rxc4 Rxh2 42. Rf4 Rg2 43. Rf3 Kg7 44. Ke1 Kg6 45. Kf1 Ra2
46. Rf4 Kxg5 47. Kg1 Re2 48. Kh1 Re4 49. Rf3 h5 50. Ra3 Kg4 51. Kg1 f4 52. gxf4
Rxf4 53. Ra2 Rf3 54. Ra4+ Rf4 55. Ra2 Kg5 56. Kh2 f5 57. Rg2+ Rg4 58. Ra2 f4
59. Ra5+ Kh4 60. Ra3 Rg3 61. Ra4 Kg4 62. Rb4 h4 63. Ra4 h3 64. Ra8 Rg2+ 65. Kh1
Re2 66. Ra3 f3 67. Ra4+ Kg3 68. Ra1 Rh2+ 69. Kg1 f2+ 70. Kf1 0-1

[Event "Solingen-ch 2021"]
[Site "Solingen"]
[Date "2021.12.30"]
[Round "4.7"]
[White "Zolfagharian, Kevin"]
[Black "Sereda, Yaroslava"]
[Result "1-0"]
[WhiteElo "2241"]
[BlackElo "1711"]
[PlyCount "81"]
[EventDate "2022.??.??"]
[WhiteTeam "SG Solingen"]
[BlackTeam "SG Solingen"]

{[%evp 0,81,29,29,57,53,53,41,12,32,32,29,74,73,57,71,114,109,119,81,91,55,48,
48,79,44,50,38,23,49,48,54,49,48,48,61,61,32,32,33,36,32,31,18,100,102,111,109,
114,105,123,87,127,89,112,88,119,78,121,121,229,212,266,419,728,682,682,752,
785,785,892,907,834,862,862,748,881,914,914,699,29991,29992,29993,29994]} 1. e4
c5 2. Nf3 Nc6 3. Bb5 Nd4 4. Nxd4 cxd4 5. O-O g6 6. c3 Bg7 7. d3 dxc3 8. Nxc3 e6
9. Bf4 Ne7 10. a4 a6 11. Bc4 d6 12. Qb3 O-O 13. Qa3 e5 14. Bg5 h6 15. Bxe7 Qxe7
16. Nd5 Qd8 17. a5 Be6 18. Nb6 Rb8 19. Rac1 Kh7 20. Rc2 h5 21. Re1 Bxc4 22.
dxc4 Qe7 23. Rd2 Rfd8 24. Red1 Bf8 25. Rd5 Qg5 26. Qd3 Be7 27. b4 h4 28. Rf1 f5
29. f4 exf4 30. exf5 Qg4 31. Qe4 Re8 32. Rxf4 Qg5 33. fxg6+ Kh6 34. Rxg5 Bxg5
35. Rxh4+ Bxh4 36. Qxh4+ Kxg6 37. Nd7 Rbd8 38. Qf6+ Kh7 39. h4 Kg8 40. Qg6+ Kh8
41. Nf6 1-0

[Event "Solingen-ch 2021"]
[Site "Solingen"]
[Date "2022.01.07"]
[Round "4.8"]
[White "Goerke, Joachim"]
[Black "Bauer, Matthias"]
[Result "1/2-1/2"]
[WhiteElo "2128"]
[BlackElo "1620"]
[PlyCount "48"]
[EventDate "2022.??.??"]
[WhiteTeam "SG Solingen"]
[BlackTeam "SV Guennigfeld"]

1. e4 c6 2. d4 d5 3. Nc3 dxe4 4. Nxe4 Bf5 5. Ng3 Bg6 6. h4 h6 7. Nf3 Nd7 8. Bc4
e6 9. h5 Bh7 10. Qe2 Ngf6 11. a4 Bd6 12. a5 O-O 13. Ne5 Bxe5 14. dxe5 Nd5 15.
O-O Qc7 16. f4 b6 17. Bxd5 cxd5 18. axb6 axb6 19. Rxa8 Rxa8 20. c3 Qc4 21. Qf2
Bd3 22. Re1 Ra1 23. Be3 Rxe1+ 24. Qxe1 Nc5 1/2-1/2

[Event "Solingen-ch 2021"]
[Site "Solingen"]
[Date "2022.01.07"]
[Round "4.9"]
[White "Atar, Efecan"]
[Black "Steinbach, Wolfgang"]
[Result "0-1"]
[WhiteElo "1453"]
[BlackElo "1948"]
[PlyCount "112"]
[EventDate "2022.??.??"]
[WhiteTeam "SK Kerpen"]
[BlackTeam "SG Solingen"]

1. c4 e5 2. g3 Nf6 3. Bg2 d5 4. cxd5 Nxd5 5. Nf3 Nc6 6. O-O Be7 7. Nc3 Nb6 8.
d3 O-O 9. a3 Be6 10. b4 f6 11. Bb2 a6 12. Rc1 Qd7 13. Ne4 Rab8 14. Nfd2 Bh3 15.
Nc4 Bxg2 16. Kxg2 Nxc4 17. Qb3 Qd5 18. Qxc4 Rfd8 19. Qxd5+ Rxd5 20. Nc3 Rd7 21.
Ne4 Nd8 22. Rc2 Ne6 23. Rfc1 c6 24. Nc5 Bxc5 25. bxc5 Kf7 26. a4 Nd4 27. Bxd4
Rxd4 28. Rc4 Rbd8 29. Kf3 Ke6 30. Ke3 g5 31. Rxd4 Rxd4 32. Rc4 Kd5 33. Rxd4+
exd4+ 34. Kf3 Kxc5 35. Ke4 b5 36. axb5 cxb5 37. Kf5 b4 38. Kxf6 g4 39. Kf5 b3
40. Kxg4 b2 41. f4 b1=Q 42. f5 Qb6 43. Kg5 h6+ 44. Kf4 Qf6 45. g4 Kd5 46. h3 a5
47. h4 Qe5+ 48. Kf3 a4 49. h5 a3 50. g5 Qxf5+ 51. Kg3 Qxg5+ 52. Kh3 Ke5 53. Kh2
a2 54. Kh3 Kf4 55. e3+ Kf3 56. Kh2 Qg2# 0-1

[Event "Solingen-ch 2021"]
[Site "Solingen"]
[Date "2022.01.07"]
[Round "4.11"]
[White "Steinbach, Ulf"]
[Black "Skiber, Friedel"]
[Result "1/2-1/2"]
[WhiteElo "1654"]
[BlackElo "1699"]
[PlyCount "97"]
[EventDate "2022.??.??"]
[WhiteTeam "vereinslos"]
[BlackTeam "SG Solingen"]

1. f4 d6 2. d4 g6 3. e3 Nf6 4. Nf3 a6 5. Be2 b5 6. a4 b4 7. a5 Bg7 8. O-O O-O
9. Bd2 c5 10. c3 Nc6 11. Qc2 Rb8 12. cxb4 Nxb4 13. Bxb4 cxb4 14. Nbd2 Nd5 15.
Qb3 Be6 16. Bc4 Nc7 17. Ng5 d5 18. Nxe6 fxe6 19. Bd3 Nb5 20. Nf3 Qd6 21. Rfc1
Na7 22. Rc2 Rfc8 23. Rxc8+ Rxc8 24. Kf1 Rc6 25. Ke2 Nc8 26. Kd2 Qb8 27. Rc1
Rxc1 28. Kxc1 Nd6 29. Kd2 Qb7 30. Ng5 Nc4+ 31. Ke2 Nxa5 32. Qa4 Nc6 33. Bxa6
Qb6 34. Qb5 Bxd4 35. Qxb6 Bxb6 36. Nxe6 Kf7 37. Ng5+ Kg7 38. Bb7 Nd8 39. Bxd5
h6 40. Ne4 e6 41. Ba8 Nf7 42. h4 e5 43. Kf3 Bc7 44. g4 exf4 45. exf4 Bd8 46.
Kg3 Bc7 47. Nc5 Bd6 48. Ne4 Bc7 49. Nc5 1/2-1/2

[Event "Solingen-ch 2021"]
[Site "Solingen"]
[Date "2022.01.07"]
[Round "4.15"]
[White "Fodor, Bernhard"]
[Black "Guelcan, Batuhan Ege"]
[Result "0-1"]
[WhiteElo "1340"]
[BlackElo "1521"]
[PlyCount "72"]
[EventDate "2022.??.??"]
[WhiteTeam "SG Solingen"]
[BlackTeam "SG Solingen"]

1. f4 d5 2. Nf3 Nf6 3. d3 Bf5 4. g3 Nc6 5. c3 Qd7 6. Bg2 Bh3 7. O-O Bxg2 8.
Kxg2 h5 9. h3 e6 10. Nbd2 Rd8 11. Ne5 Nxe5 12. fxe5 Ng8 13. Nf3 Be7 14. Bg5 Nh6
15. Qd2 Nf5 16. Qf4 Bxg5 17. Nxg5 f6 18. Nxe6 Qxe6 19. Qxf5 Qxe5 20. Rae1 Qxf5
21. Rxf5 Kf7 22. Ref1 c6 23. d4 Rd6 24. R5f4 Re6 25. R1f2 Rhe8 26. Kf1 b5 27.
b4 Ra8 28. g4 hxg4 29. hxg4 a5 30. g5 axb4 31. gxf6 Rxf6 32. Rxf6+ gxf6 33.
cxb4 Rxa2 34. e4 Rxf2+ 35. Kxf2 dxe4 36. Ke3 f5 0-1

[Event "Solingen-ch 2021"]
[Site "Solingen"]
[Date "2022.01.21"]
[Round "5.1"]
[White "Tuerkkan, Nuh"]
[Black "Kniest, Oliver"]
[Result "1/2-1/2"]
[WhiteElo "1787"]
[BlackElo "2285"]
[PlyCount "41"]
[EventDate "2022.??.??"]
[WhiteTeam "Bergische SF"]
[BlackTeam "SG Solingen"]

1. c4 b6 2. Nc3 Bb7 3. Nf3 e6 4. g3 Nf6 5. Bg2 Be7 6. O-O O-O 7. b3 d5 8. e3 c5
9. Bb2 Nc6 10. Ne2 Qc7 11. a3 Rfd8 12. Qc2 h6 13. Rfd1 Rac8 14. Rac1 Qb8 15.
Qb1 Qa8 16. cxd5 Na5 17. Bxf6 Bxf6 18. e4 exd5 19. e5 d4 20. Qf5 Be7 21. e6
1/2-1/2

[Event "Solingen-ch 2021"]
[Site "Solingen"]
[Date "2022.01.21"]
[Round "5.2"]
[White "Borchert, Stephan"]
[Black "Volkov, Mykyta"]
[Result "0-1"]
[WhiteElo "2074"]
[BlackElo "2215"]
[PlyCount "59"]
[EventDate "2022.??.??"]
[WhiteTeam "SG Solingen"]
[BlackTeam "Elberfelder SG"]

1. e4 e6 2. d4 d5 3. Nc3 Nf6 4. e5 Nfd7 5. f4 c5 6. Nf3 Nc6 7. Be3 a6 8. Qd2 b5
9. a3 Qb6 10. Nd1 a5 11. Be2 cxd4 12. Nxd4 Nxd4 13. Bxd4 Bc5 14. c3 O-O 15. Qe3
Bb7 16. Bxc5 Nxc5 17. b4 Nd7 18. Qxb6 Nxb6 19. Bxb5 d4 20. O-O axb4 21. cxb4
Nd5 22. Nb2 Ne3 23. Rf2 Rfc8 24. Nd3 Nc2 25. Ra2 Nxa3 26. Bd7 Rc3 27. Nc5 Bd5
28. Ra1 Rb8 29. f5 Nc2 30. Rb1 0-1

[Event "Solingen-ch 2021"]
[Site "Solingen"]
[Date "2022.01.21"]
[Round "5.3"]
[White "Hamburger, Raul"]
[Black "Boos, Markus"]
[Result "1/2-1/2"]
[WhiteElo "1899"]
[BlackElo "2169"]
[PlyCount "75"]
[EventDate "2022.??.??"]
[WhiteTeam "SV Hilden"]
[BlackTeam "Elberfelder SG"]

1. d4 Nf6 2. Nf3 g6 3. Bg5 Bg7 4. Nbd2 d5 5. e3 O-O 6. Bd3 c5 7. c3 Nbd7 8. O-O
Qc7 9. Qe2 e5 10. dxe5 Nxe5 11. Nxe5 Qxe5 12. f4 Qc7 13. f5 Bd7 14. Rac1 Qb6
15. b3 a5 16. c4 d4 17. e4 h6 18. Bh4 Rae8 19. e5 Bxf5 20. Bxf5 gxf5 21. Bxf6
Bxf6 22. Rxf5 Bg5 23. Rcf1 Re6 24. Ne4 Rg6 25. Nxg5 hxg5 26. Rf6 Qd8 27. Qh5
Kg7 28. Rxg6+ fxg6 29. Rxf8 Qxf8 30. Qxg5 Qf7 31. h4 Kh7 32. g4 Qf3 33. h5 Qg3+
34. Kf1 Qf3+ 35. Ke1 Qc3+ 36. Kd1 Qd3+ 37. Qd2 Qb1+ 38. Qc1 1/2-1/2

[Event "Solingen-ch 2021"]
[Site "Solingen"]
[Date "2022.01.21"]
[Round "5.4"]
[White "Steinbach, Wolfgang"]
[Black "Fichtner, Ewald"]
[Result "1/2-1/2"]
[WhiteElo "1948"]
[BlackElo "2052"]
[PlyCount "110"]
[EventDate "2022.??.??"]
[WhiteTeam "SG Solingen"]
[BlackTeam "SG Solingen"]

1. Nf3 d5 2. g3 c6 3. Bg2 Bg4 4. O-O Nd7 5. d4 e6 6. b3 Bd6 7. Bb2 Bxf3 8. exf3
Ne7 9. f4 O-O 10. Nd2 Qc7 11. Nf3 Rac8 12. Qd2 c5 13. Ne5 cxd4 14. Nxd7 Qxd7
15. Bxd4 Qc7 16. c4 dxc4 17. bxc4 Rfd8 18. Qb2 Nf5 19. Bxa7 Rd7 20. Bb6 Qb8 21.
Qb5 Re7 22. Rfd1 h5 23. c5 Bc7 24. Rd7 Bxb6 25. Rxe7 Nxe7 26. Qxb6 Nd5 27. Bxd5
exd5 28. Rd1 Rd8 29. Qb3 d4 30. Qc4 Qa7 31. Rxd4 Rxd4 32. Qxd4 Qxa2 33. Qe5
Qb1+ 34. Kg2 g6 35. Qd4 Qb5 36. h4 Qc6+ 37. Kf1 Qe6 38. Qe3 Qc4+ 39. Ke1 Qc2
40. Kf1 Qd1+ 41. Kg2 Qd5+ 42. Kh2 Qc6 43. f5 gxf5 44. Qe5 Qf3 45. Kg1 Kf8 46.
Qb8+ Ke7 47. Qd6+ Ke8 48. Qb8+ Kd7 49. Qd6+ Kc8 50. Qf8+ Kc7 51. Qd6+ Kc8 52.
Qf8+ Kd7 53. Qd6+ Ke8 54. Qb8+ Ke7 55. Qd6+ Ke8 1/2-1/2

[Event "Solingen-ch 2021"]
[Site "Solingen"]
[Date "2022.01.18"]
[Round "5.5"]
[White "Helfer, Bernd"]
[Black "Zolfagharian, Kevin"]
[Result "0-1"]
[WhiteElo "1854"]
[BlackElo "2241"]
[PlyCount "46"]
[EventDate "2022.??.??"]
[WhiteTeam "SC Erkrath"]
[BlackTeam "SG Solingen"]

1. Nf3 d5 2. g3 Nc6 3. d4 Bf5 4. Bg2 Nb4 5. Na3 e6 6. c3 Nc6 7. b3 Be7 8. O-O
h5 9. h4 Nf6 10. Ng5 Ne4 11. Nxe4 dxe4 12. Nc4 g5 13. hxg5 h4 14. Bf4 h3 15.
Bxe4 Bxe4 16. f3 Bg6 17. Qd2 b5 18. Ne5 Nxe5 19. Bxe5 Bxg5 20. Bf4 Bxf4 21.
Qxf4 Qd6 22. Qg4 Bf5 23. Qg5 Kd7 0-1

[Event "Solingen-ch 2021"]
[Site "Solingen"]
[Date "2022.01.21"]
[Round "5.6"]
[White "Werbeck, Torsten"]
[Black "Vaghef, Mohammad Reza"]
[Result "1-0"]
[WhiteElo "2018"]
[BlackElo "1528"]
[PlyCount "62"]
[EventDate "2022.??.??"]
[WhiteTeam "Elberfelder SG"]
[BlackTeam "SG Porz"]

1. d4 Nf6 2. Nf3 g6 3. c4 Bg7 4. g3 O-O 5. Bg2 c6 6. O-O Re8 7. Nc3 d5 8. Ne5
Ng4 9. Nxg4 Bxg4 10. cxd5 cxd5 11. Bxd5 Qb6 12. Qb3 Qxb3 13. axb3 Nc6 14. e3
Rac8 15. Bg2 b6 16. h3 Bd7 17. d5 Na5 18. b4 Nb3 19. Rxa7 Bxc3 20. bxc3 Bb5 21.
Rd1 Rxc3 22. Bb2 Rc2 23. Be5 Rec8 24. Rxe7 Nc1 25. d6 Nd3 26. Ra1 Rc1+ 27. Rxc1
Rxc1+ 28. Kh2 Rc8 29. Rc7 Rf8 30. Bf6 Nxf2 31. d7 h6 1-0

[Event "Solingen-ch 2021"]
[Site "Solingen"]
[Date "2022.01.21"]
[Round "5.8"]
[White "Rittmann, Dirk"]
[Black "Falk, Thomas"]
[Result "1-0"]
[WhiteElo "2125"]
[BlackElo "1578"]
[PlyCount "77"]
[EventDate "2022.??.??"]
[WhiteTeam "SG Solingen"]
[BlackTeam "Elberfelder SG"]

1. e4 e6 2. d4 d5 3. Nc3 Nc6 4. Nf3 Nf6 5. e5 Ne4 6. Bd3 Bb4 7. Bd2 Nxd2 8.
Qxd2 Bd7 9. O-O h6 10. a3 Be7 11. b4 Bg5 12. Nxg5 Qxg5 13. f4 Qe7 14. Ne2 a6
15. c3 Na7 16. a4 b5 17. axb5 Bxb5 18. Bxb5+ Nxb5 19. Ra5 c6 20. Rfa1 Qb7 21.
Nc1 O-O 22. Nd3 Nc7 23. Nc5 Qc8 24. Qd3 f6 25. Nxa6 fxe5 26. fxe5 Nb5 27. Nc5
Rxa5 28. Rxa5 Qe8 29. Ra1 Rf5 30. Rf1 Rxf1+ 31. Kxf1 Qf7+ 32. Kg1 Kf8 33. Qh3
Ke7 34. Qh4+ Ke8 35. Qe1 Ke7 36. Qh4+ Ke8 37. Qg4 Ke7 38. Qg3 Qf5 39. Qxg7+ 1-0

[Event "Solingen-ch 2021"]
[Site "Solingen"]
[Date "2022.01.21"]
[Round "5.11"]
[White "Sereda, Yaroslava"]
[Black "Goerke, Joachim"]
[Result "0-1"]
[WhiteElo "1711"]
[BlackElo "2128"]
[PlyCount "112"]
[EventDate "2022.??.??"]
[WhiteTeam "SG Solingen"]
[BlackTeam "SG Solingen"]

1. e4 e6 2. d4 d5 3. Nd2 dxe4 4. Nxe4 Nf6 5. Nxf6+ gxf6 6. Nf3 c5 7. Be3 Qb6 8.
dxc5 Bxc5 9. Bxc5 Qxc5 10. Qd2 Nc6 11. c3 Ke7 12. b4 Qb6 13. b5 Rd8 14. Qc2 Na5
15. Qxh7 Qc5 16. Qc2 b6 17. Be2 Bb7 18. a4 Rac8 19. Rc1 Nc4 20. Bxc4 Qxc4 21.
Rg1 Bxf3 22. gxf3 Rc5 23. Rg4 Re5+ 24. Re4 Rg8 25. Rxe5 fxe5 26. Qe4 Rg1+ 27.
Kd2 Qa2+ 28. Qc2 Qxc2+ 29. Rxc2 Rg2 30. Ke3 Rxh2 31. a5 Kd6 32. axb6 axb6 33.
Rd2+ Kc5 34. Rb2 Kc4 35. Rb4+ Kxc3 36. Re4 Rh5 37. Rg4 Rf5 38. Rh4 Rf4 39. Rh5
f6 40. Rh7 Kb4 41. Re7 Kxb5 42. Rxe6 Ka5 43. Re8 b5 44. Ra8+ Kb4 45. Rb8 Kc4
46. Rc8+ Kb3 47. Rb8 b4 48. Rb6 Ka3 49. Ra6+ Kb2 50. Rb6 b3 51. Rb7 Ka2 52.
Ra7+ Kb1 53. Rb7 b2 54. Rd7 Ka2 55. Ra7+ Kb3 56. Rb7+ Rb4 0-1

[Event "Solingen-ch 2021"]
[Site "Solingen"]
[Date "2022.01.21"]
[Round "5.12"]
[White "Skiber, Friedel"]
[Black "Atar, Efecan"]
[Result "0-1"]
[WhiteElo "1699"]
[BlackElo "1453"]
[PlyCount "74"]
[EventDate "2022.??.??"]
[WhiteTeam "SG Solingen"]
[BlackTeam "SK Kerpen"]

1. e4 c5 2. Nc3 g6 3. Bc4 Bg7 4. f4 Nc6 5. Nf3 e6 6. a4 Nge7 7. d3 O-O 8. O-O
Rb8 9. Nb5 d6 10. Qe1 a6 11. Nc3 Nd4 12. Qf2 Nec6 13. Nd1 b5 14. axb5 axb5 15.
Ba2 Ra8 16. c3 Nb3 17. Bxb3 Rxa1 18. Be3 e5 19. Ng5 Qe7 20. fxe5 Nxe5 21. h3 c4
22. dxc4 bxc4 23. Bc2 f5 24. Qd2 Ra5 25. b3 fxe4 26. Bf4 Nd3 27. Bxd3 cxd3 28.
c4 Raf5 29. h4 e3 30. Nxe3 Rxf4 31. Rxf4 Rxf4 32. Nd5 Qa7+ 33. Kh2 Rxh4+ 34.
Kg3 Rg4+ 35. Kf3 Be5 36. Ne4 Qf7+ 37. Ke3 Bf4+ 0-1